Tolling practices for highway facilities / (Record no. 529712)

000 -LEADER
fixed length control field 01934cam a2200457 a 4500
001 - CONTROL NUMBER
control field 2145599
003 - CONTROL NUMBER IDENTIFIER
control field NUST
005 - DATE AND TIME OF LATEST TRANSACTION
control field 20191002100750.0
008 - FIXED-LENGTH DATA ELEMENTS--GENERAL INFORMATION
fixed length control field 981005s1998 dcua b f000 0 eng c
010 ## - LIBRARY OF CONGRESS CONTROL NUMBER
LC control number 98067629
020 ## - INTERNATIONAL STANDARD BOOK NUMBER
International Standard Book Number 0309068169
035 ## - SYSTEM CONTROL NUMBER
System control number (OCoLC)39960005
038 ## - RECORD CONTENT LICENSOR
Staff Name MSOHAIL
040 ## - CATALOGING SOURCE
Original cataloging agency GAT
Transcribing agency GAT
Modifying agency NmU
-- DLC
042 ## - AUTHENTICATION CODE
Authentication code pcc
043 ## - GEOGRAPHIC AREA CODE
Geographic area code n-us---
050 04 - LIBRARY OF CONGRESS CALL NUMBER
Classification number HE355.3.T64
Item number S66 1998
082 ## - DEWEY DECIMAL CLASSIFICATION NUMBER
Classification number 0
100 1# - MAIN ENTRY--PERSONAL NAME
Personal name Spock, Linda M.
9 (RLIN) 22290
245 10 - TITLE STATEMENT
Title Tolling practices for highway facilities /
Statement of responsibility, etc. Linda M. Spock.
260 ## - PUBLICATION, DISTRIBUTION, ETC.
Place of publication, distribution, etc. Washington, D.C. :
Name of publisher, distributor, etc. National Academy Press,
Date of publication, distribution, etc. 1998.
300 ## - PHYSICAL DESCRIPTION
Extent 54 p. :
Other physical details ill. ;
Dimensions 28 cm.
440 #0 - SERIES STATEMENT/ADDED ENTRY--TITLE
Title Synthesis of highway practice ;
Volume/sequential designation 262
9 (RLIN) 22291
500 ## - GENERAL NOTE
General note At head of title: National Cooperative Highway Research Program.
500 ## - GENERAL NOTE
General note "Transportation Research Board, National Research Council."
500 ## - GENERAL NOTE
General note "Research sponsored by the American Association of State Highway and Transportation Officials in cooperation with the Federal Highway Administration."
500 ## - GENERAL NOTE
General note "This study was managed by Sally D. Liff"--Acknowledgements.
504 ## - BIBLIOGRAPHY, ETC. NOTE
Bibliography, etc. note Includes bibliographical references (p. 46-48).
650 #0 - SUBJECT ADDED ENTRY--TOPICAL TERM
Topical term or geographic name entry element Toll roads
Geographic subdivision United States.
9 (RLIN) 22292
650 #0 - SUBJECT ADDED ENTRY--TOPICAL TERM
Topical term or geographic name entry element Toll roads
Geographic subdivision United States
General subdivision Finance.
9 (RLIN) 21623
650 #0 - SUBJECT ADDED ENTRY--TOPICAL TERM
Topical term or geographic name entry element Roads
Geographic subdivision United States
General subdivision Finance.
9 (RLIN) 21754
700 1# - ADDED ENTRY--PERSONAL NAME
Personal name Liff, Sally D.
Fuller form of name (Sally Diane)
9 (RLIN) 22293
710 2# - ADDED ENTRY--CORPORATE NAME
Corporate name or jurisdiction name as entry element National Cooperative Highway Research Program.
9 (RLIN) 20864
710 2# - ADDED ENTRY--CORPORATE NAME
Corporate name or jurisdiction name as entry element National Research Council (U.S.).
Subordinate unit Transportation Research Board.
9 (RLIN) 22294
710 2# - ADDED ENTRY--CORPORATE NAME
Corporate name or jurisdiction name as entry element American Association of State Highway and Transportation Officials.
9 (RLIN) 19553
710 2# - ADDED ENTRY--CORPORATE NAME
Corporate name or jurisdiction name as entry element United States.
Subordinate unit Federal Highway Administration.
9 (RLIN) 20149
906 ## - LOCAL DATA ELEMENT F, LDF (RLIN)
a 7
b cbc
c pccadap
d 2
e opcn
f 19
g y-gencatlg
942 ## - ADDED ENTRY ELEMENTS (KOHA)
Source of classification or shelving scheme
Koha item type Book
Holdings
Withdrawn status Lost status Source of classification or shelving scheme Damaged status Not for loan Permanent Location Current Location Date acquired Total Checkouts Barcode Date last seen Price effective from Koha item type
          School of Civil and Environmental Engineering (SCEE) School of Civil and Environmental Engineering (SCEE) 10/02/2019   NIT-11074 10/02/2019 10/02/2019 Book
© 2023 Central Library, National University of Sciences and Technology. All Rights Reserved.